MARC

LEADER 00000nam0a2200000 4500
001 365440
005 20231102011803.0
035 |a (RuTPU)RU\TPU\retro\22803 
035 |a RU\TPU\retro\14024 
090 |a 365440 
100 |a 20211229d1981 m y0rusy50 ca 
101 0 |a rus 
102 |a UA 
105 |a a z 001zy 
200 1 |a Расчет и конструирование структурных покрытий  |f Р. И. Хисамов 
210 |a Киев  |c Будiвельник  |d 1981 
215 |a 48 с.  |c ил. 
225 1 |a Библиотека строителя инженеру-проектировщику 
320 |a Библиогр.: с. 46-47 
606 1 |a Покрытия структурные  |2 stltpush  |3 (RuTPU)RU\TPU\subj\50037  |9 68797 
610 1 |a стержневые плиты 
610 1 |a узловые соединения 
610 1 |a конструирование 
610 1 |a расчет 
610 1 |a оптимальное проектирование 
610 1 |a структурные конструкции 
675 |a 692.4  |v 4 
700 1 |a Хисамов  |b Р. И.  |g Рафаиль Ибрагимович 
801 1 |a RU  |b 63413507  |c 20200723 
801 2 |a RU  |b 63413507  |c 20211229  |g RCR 
942 |c BK